[Event "Berlin-ch Seniors op 27th"]
[Site "Berlin"]
[Date "2011.02.02"]
[Round "5"]
[White "Gross, Horst"]
[Black "Gunkel, Wolfgang"]
[Result "1-0"]
[WhiteElo "1457"]
[BlackElo "1555"]
[PlyCount "73"]
[EventDate "2011.01.29"]
[EventType "swiss"]
[EventRounds "9"]
[EventCountry "GER"]
[SourceTitle "EXT 2012"]
[Source "ChessBase"]
[SourceDate "2011.11.24"]
[SourceVersion "1"]
[SourceVersionDate "2011.11.24"]
[SourceQuality "1"]

1. Nf3 d5 2. e3 Nf6 3. d4 Bg4 4. h3 Bh5 5. g4 Bg6 6. Ne5 e6 7. Nc3 Bb4 8. Nxg6 hxg6 9. Bd2 Nbd7 10. Bd3 a6 11. Ne2 Bxd2+ 12. Qxd2 Nxg4 13. Ng3 c5 14. hxg4 Rxh1+ 15. Nxh1 Qh4 16. 0-0-0 Qxg4 17. Be2 Qg5 18. Ng3 Rc8 19. Rh1 Ke7 20. dxc5 Rxc5 21. Qb4 b5 22. Qh4 Qf6 23. Qxf6+ gxf6 24. Nf1 a5 25. Nd2 a4 26. a3 f5 27. Nf3 e5 28. Ng5 e4 29. Rh7 Ne5 30. Rh8 Kf6 31. Nh3 Nd3+ 32. Bxd3 exd3 33. c3 Rc7 34. Nf4 Rc5 35. Kd2 Kg5 36. Nxd3 Rc4 37. Rb8 1-0

[Event "Berlin-ch Seniors op 24th"]
[Site "Berlin"]
[Date "2008.02.29"]
[Round "9"]
[White "Gross, Horst"]
[Black "Prinz, Tade"]
[Result "0-1"]
[WhiteElo "1392"]
[BlackElo "1573"]
[PlyCount "60"]
[EventDate "2008.02.21"]
[EventType "swiss"]
[EventRounds "9"]
[EventCountry "GER"]
[SourceTitle "EXT 2022"]
[Source "ChessBase"]
[SourceDate "2021.10.06"]
[SourceVersion "1"]
[SourceVersionDate "2021.10.06"]
[SourceQuality "1"]

1. Nf3 Nf6 2. d4 d6 3. Nbd2 Nbd7 4. e4 e5 5. c3 c6 6. Bd3 Be7 7. 0-0 Nf8 8. Bc2 Qc7 9. Re1 Ng6 10. Nf1 Bg4 11. h3 Bd7 12. Ng3 0-0 13. Bg5 Rfe8 14. Bd2 h6 15. Bb3 Nh8 16. Qc2 g5 17. Nf5 Bf8 18. g4 Rad8 19. Rad1 Ng6 20. Kh1 Bc8 21. Ng1 exd4 22. cxd4 a6 23. a4 b6 24. Bc1 Bb7 25. f3 c5 26. d5 b5 27. Qh2 Bc8 28. h4 Bxf5 29. exf5 Nxh4 30. f4 Nxg4 0-1

[Event "Brandenburg-ch Seniors 22nd"]
[Site "Berlin"]
[Date "2006.02.25"]
[Round "6"]
[White "Gross, Horst"]
[Black "Janzen, Christian"]
[Result "1/2-1/2"]
[WhiteElo "1380"]
[BlackElo "1620"]
[PlyCount "72"]
[EventDate "2006.02.20"]
[EventType "swiss"]
[EventRounds "9"]
[EventCountry "GER"]
[SourceTitle "EXT 2007"]
[Source "ChessBase"]
[SourceDate "2006.11.23"]
[SourceVersion "1"]
[SourceVersionDate "2006.11.23"]
[SourceQuality "1"]

1. Nf3 Nf6 2. e3 b6 3. d4 Bb7 4. Be2 e6 5. 0-0 Be7 6. c4 0-0 7. Nc3 Ne4 8. Nxe4 Bxe4 9. Nd2 Bg6 10. Bh5 Na6 11. Bxg6 hxg6 12. f4 c6 13. Nf3 Nc7 14. Bd2 d5 15. Ne5 Qe8 16. Qa4 b5 17. cxb5 cxb5 18. Qb3 f6 19. Nf3 Qd7 20. Bb4 Rfb8 21. Bxe7 Qxe7 22. Rfc1 Ne8 23. Rc2 a6 24. Rac1 Qd7 25. Qd3 Kh7 26. Nh4 Qf7 27. g4 f5 28. g5 Nd6 29. b3 Rc8 30. Rxc8 Rxc8 31. Rxc8 Nxc8 32. Qc2 Qd7 33. Nf3 Nd6 34. Ne5 Qe8 35. Qc5 Qd8 36. Qc6 Qa5 1/2-1/2

[Event "Berlin-ch Seniors op 21st"]
[Site "Berlin"]
[Date "2005.02.05"]
[Round "9"]
[White "Gross, Horst"]
[Black "Schulz, Manfred"]
[Result "1/2-1/2"]
[WhiteElo "1354"]
[BlackElo "1573"]
[PlyCount "72"]
[EventDate "2005.01.28"]
[EventType "swiss"]
[EventRounds "9"]
[EventCountry "GER"]
[SourceTitle "EXT 2007"]
[Source "ChessBase"]
[SourceDate "2006.11.23"]
[SourceVersion "1"]
[SourceVersionDate "2006.11.23"]
[SourceQuality "1"]

1. Nf3 c5 2. e3 Nc6 3. d4 e6 4. c3 d5 5. Bd3 Nf6 6. Nbd2 Bd6 7. 0-0 0-0 8. dxc5 Bxc5 9. h3 e5 10. e4 d4 11. Nb3 Bb6 12. cxd4 Nxd4 13. Nxe5 Re8 14. Nxd4 Bxd4 15. Nf3 Bb6 16. Re1 Be6 17. Bg5 h6 18. Bh4 g5 19. Bg3 Bc7 20. Bxc7 Qxc7 21. b3 Rad8 22. Qc2 Qb6 23. Qe2 g4 24. hxg4 Bxg4 25. Qe3 Qxe3 26. Rxe3 Bh5 27. Nh2 Bg6 28. f3 h5 29. Bc4 Kg7 30. Rd3 Rxd3 31. Bxd3 Rd8 32. Bc4 Rd2 33. Nf1 Rd4 34. Ne3 Nd7 35. Rd1 Rxd1+ 36. Nxd1 f5 1/2-1/2

[Event "Berlin-ch Seniors op 21st"]
[Site "Berlin"]
[Date "2005.02.04"]
[Round "8"]
[White "Heyne, Klaus"]
[Black "Gross, Horst"]
[Result "1/2-1/2"]
[WhiteElo "1182"]
[BlackElo "1354"]
[PlyCount "40"]
[EventDate "2005.01.28"]
[EventType "swiss"]
[EventRounds "9"]
[EventCountry "GER"]
[SourceTitle "EXT 2007"]
[Source "ChessBase"]
[SourceDate "2006.11.23"]
[SourceVersion "1"]
[SourceVersionDate "2006.11.23"]
[SourceQuality "1"]

1. c4 e6 2. d4 d5 3. cxd5 exd5 4. Nc3 c6 5. g3 Nf6 6. Bg2 Bf5 7. Nf3 h6 8. 0-0 Bd6 9. Re1 0-0 10. e3 Re8 11. a3 Nbd7 12. b4 a6 13. Bb2 Nb6 14. Bf1 Ne4 15. Nxe4 Bxe4 16. Nd2 Bf5 17. Bg2 Nd7 18. Nf3 Nf6 19. Nd2 Qd7 20. f3 Bc7 1/2-1/2

[Event "Berlin-ch Seniors op 21st"]
[Site "Berlin"]
[Date "2005.02.02"]
[Round "6"]
[White "Stiemerling, Karl Heinz"]
[Black "Gross, Horst"]
[Result "0-1"]
[WhiteElo "1568"]
[BlackElo "1354"]
[PlyCount "100"]
[EventDate "2005.01.28"]
[EventType "swiss"]
[EventRounds "9"]
[EventCountry "GER"]
[SourceTitle "EXT 2007"]
[Source "ChessBase"]
[SourceDate "2006.11.23"]
[SourceVersion "1"]
[SourceVersionDate "2006.11.23"]
[SourceQuality "1"]

1. d4 d5 2. Nf3 Nf6 3. e3 e6 4. Bb5+ c6 5. Bd3 Bd6 6. h3 0-0 7. 0-0 Nbd7 8. c4 Qe7 9. c5 Bc7 10. Qc2 e5 11. dxe5 Nxe5 12. Nd4 Nxd3 13. Qxd3 Qxc5 14. Nd2 Re8 15. N2f3 Ne4 16. Bd2 Qe7 17. a3 Qd6 18. Bb4 Qg6 19. Nh4 Qf6 20. Ndf5 Bxf5 21. Nxf5 Qxf5 22. f3 Ng3 23. e4 dxe4 24. fxe4 Qxe4 25. Qxe4 Nxe4 26. Rf3 Rad8 27. Re1 Ng5 28. Rxe8+ Rxe8 29. Rd3 Rd8 30. Rb3 Bb6+ 31. Kf1 Ne6 32. g3 Rd7 33. Kg2 h6 34. h4 h5 35. Rf3 g6 36. Bc3 Rd5 37. Be1 Ng7 38. b4 Nf5 39. a4 Ne3+ 40. Kh3 Ng4 41. a5 Bc7 42. Kg2 Bd6 43. Rb3 f5 44. Kf3 Ne5+ 45. Kg2 Rd3 46. Rb2 Kf7 47. Bf2 a6 48. Be1 Rd4 49. Bc3 Re4 50. Rd2 Bxb4 0-1

[Event "Berlin Neukoelln op 10th"]
[Site "Berlin"]
[Date "2004.05.28"]
[Round "6"]
[White "Jaeger, Andre"]
[Black "Gross, Horst"]
[Result "1-0"]
[WhiteElo "2040"]
[BlackElo "1368"]
[PlyCount "59"]
[EventDate "2004.04.25"]
[EventType "swiss"]
[EventRounds "7"]
[EventCountry "GER"]
[SourceTitle "EXT 2022"]
[Source "ChessBase"]
[SourceDate "2021.10.06"]
[SourceVersion "1"]
[SourceVersionDate "2021.10.06"]
[SourceQuality "1"]

1. d4 d5 2. c4 e6 3. Nc3 c6 4. cxd5 exd5 5. Qc2 Bg4 6. Bf4 Nf6 7. h3 Bh5 8. e3 Bg6 9. Qb3 Qb6 10. Nf3 Qxb3 11. axb3 Nbd7 12. Be2 h6 13. 0-0 Be7 14. Rfc1 0-0 15. Na4 Ne4 16. Bc7 Bb4 17. Nc3 Rfc8 18. Ba5 Be7 19. Na4 f5 20. Be1 Bf6 21. b4 b5 22. Nc3 Be7 23. Nd1 Bd6 24. g3 Be7 25. Ra6 Nb8 26. Ra2 Nd7 27. b3 Bf7 28. Rac2 a6 29. Rxc6 Rxc6 30. Rxc6 1-0

[Event "Berlin Neukoelln op 10th"]
[Site "Berlin"]
[Date "2004.05.21"]
[Round "5"]
[White "Gross, Horst"]
[Black "Neumann, Peter"]
[Result "1-0"]
[WhiteElo "1368"]
[BlackElo "2445"]
[PlyCount "57"]
[EventDate "2004.04.25"]
[EventType "swiss"]
[EventRounds "7"]
[EventCountry "GER"]
[SourceTitle "EXT 2022"]
[Source "ChessBase"]
[SourceDate "2021.10.06"]
[SourceVersion "1"]
[SourceVersionDate "2021.10.06"]
[SourceQuality "1"]

1. Nf3 d5 2. e3 Bg4 3. c4 e6 4. Qb3 b6 5. Qa4+ Nd7 6. Ne5 Ngf6 7. Nc3 Bd6 8. Nxg4 Nxg4 9. cxd5 exd5 10. Qxg4 Nf6 11. Bb5+ Kf8 12. Qf3 h5 13. Nxd5 Nxd5 14. Qxd5 g6 15. b3 Rb8 16. Bb2 Rh7 17. Qf3 Bb4 18. Rd1 Qg5 19. Bc6 Qc5 20. Be4 Rd8 21. Bxg6 Qd6 22. Bxh7 Bxd2+ 23. Kf1 Qb4 24. Qe2 Ke8 25. Bd3 Bc3 26. Bxc3 Qxc3 27. Bb5+ c6 28. Rxd8+ Kxd8 29. Qd3+ 1-0

[Event "Berlin SF Neukoelln op 3rd"]
[Site "Berlin"]
[Date "2004.03.12"]
[Round "6"]
[White "Zierke, Marcel"]
[Black "Gross, Horst"]
[Result "1/2-1/2"]
[WhiteElo "1533"]
[BlackElo "1301"]
[PlyCount "117"]
[EventDate "2004.02.07"]
[EventType "swiss"]
[EventRounds "7"]
[EventCountry "GER"]
[SourceTitle "EXT 2022"]
[Source "ChessBase"]
[SourceDate "2021.10.06"]
[SourceVersion "1"]
[SourceVersionDate "2021.10.06"]
[SourceQuality "1"]

1. e4 e6 2. d4 d5 3. Nc3 Bb4 4. e5 Ne7 5. Qg4 0-0 6. Bd3 f5 7. exf6 Rxf6 8. Bg5 Rf7 9. 0-0-0 Bxc3 10. bxc3 e5 11. Qh4 e4 12. Bb5 c6 13. Ba4 Qf8 14. Bxe7 Rxe7 15. Bb3 b5 16. Re1 Kh8 17. Re3 Rf7 18. f3 Bf5 19. fxe4 Bxe4 20. Nf3 Bxf3 21. Rxf3 Rxf3 22. gxf3 Nd7 23. Qh3 Qe7 24. Kb2 Nf6 25. a4 a6 26. Ra1 Re8 27. axb5 axb5 28. Qf1 Qe2 29. Qxe2 Rxe2 30. Ra6 Re6 31. c4 dxc4 32. Bxc4 bxc4 33. Ra8+ Ng8 34. Kc3 Re3+ 35. Kxc4 Rxf3 36. Kc5 Rc3+ 37. Kd6 Rxc2 38. Rc8 h6 39. Rxc6 Rxc6+ 40. Kxc6 Nf6 41. Kd6 g6 42. Ke6 Kg7 43. d5 Nxd5 44. Kxd5 Kf6 45. Ke4 g5 46. Kf3 Kf5 47. h3 h5 48. Ke3 Ke5 49. Kf3 Kd4 50. Kf2 Ke4 51. Ke2 Kf4 52. Kf2 g4 53. Ke2 g3 54. Kf1 Kf3 55. Kg1 Ke2 56. Kg2 h4 57. Kg1 Kf3 58. Kf1 g2+ 59. Kg1 1/2-1/2